1433 1905 1175 1747 1241 1343 1797 1961 1186 1595 1517 1683 1329 1283 1664 1732 1608 1710 1398 1241 1915 1350 1755 1911 1894 1595 1456 1069 1059 1019 1429 1822 1387 1819 1988 1425 1646 1614 1087 1342 1029 1391 1215 1270 1813 1999 1040 1278 1351 1213 1157 1241 1414 1203 1379 1481 1482 1894 1333 1973 1454 1386 1790 1923 1762 1480 1774 1722 1577 1689 1470 1364 1042 1650 1421 1520 1592 1369 1572 1523 1427 1251 1725 1388 1898 1257 1246 1319 1879 1664 1591 1175 1091 1566 1837 1997 1092 1464 1220 BCNSPRNW ULIB Ver.6.0+V

เปลี่ยนเป็นภาษาไทย

Change to English
 แสดงรายละเอียดบรรณานุกรม
  กลับหน้าหลัก

Brief Record : Get Marc (ISO 2709) : E-mail record : QR code < ปิดหน้าต่าง
LEADER : 00000nam 2200000uu 4500
001    13399128516
003     ULIB
008    230830s2565||||th 000 0 tha d
020    ^a9786160629374
050  0 ^aนว.^bน688จ
100 0  ^aนิศากร
245 10 ^aเจ้าชายฉบับมือสอง /^cนิศากร
250    ^aพิมพ์ครั้งที่ 1
260    ^aกรุงเทพฯ :^bแจ่มใส,^c2565
300    ^a513 หน้า ;^c21 ซม.
650  4 ^aนวนิยายไทย
945    ^p499^l0^i010284
999    ^aประนอม เกษจรัล
รายการนี้ยังไม่มีแท็ก
คุณยังไม่ได้ล็อกอิน คุณสามารถมีกิจกรรมร่วมกับเว็บไซต์ได้ แต่ต้องล็อกอินก่อน ::
  ล็อกอิน

รายการสื่อสารสนเทศ

ลำดับที่ ประเภท เลขเรียก/บาร์โค้ด สถานที่ สถานะ
1. นวนิยาย
นวนิยาย
นว. น688จ ฉ.1 
  Barcode: 010284
ห้องสมุดวิทยาเขตสวรรค์ประชารักษ์
►หนังสือทั่วไป
บนชั้น

รายการใกล้เคียง
    ผู้แต่ง [นิศากร]

    หัวเรื่อง [นวนิยายไทย]

BibComment


ยังไม่เคยถูกคอมเมนท์

คอมเมนท์ทรัพยากรรายการนี้
  คอมเมนท์: เจ้าชายฉบับมือสอ..


 Copyright 2026. Bcnsprnw @Library